| 000 | 00653nam a22002417a 4500 | ||
|---|---|---|---|
| 003 | OSt | ||
| 005 | 20140310183000.0 | ||
| 008 | 130208t xxu||||| |||| 00| 0 eng d | ||
| 020 | _a9712321894 | ||
| 050 |
_aLB 1025.3 _b.Aq657 1999 |
||
| 100 | _aAquino, Gaudencio V. | ||
| 245 |
_aTeaching : models, strategies and skills : _b a guide to efficient-effective teaching / _cGaudencio V. Aquino. |
||
| 260 |
_aManila : _bRex Book Store, _c1999. |
||
| 300 |
_a302 p. : _b ill. ; _c23 cm. |
||
| 521 | _aEDU | ||
| 562 | _e5 | ||
| 942 |
_2lcc _cBK _kLOC |
||
| 999 |
_c18102 _d18102 |
||